| 000 | 00564nam a22002057a 4500 | ||
|---|---|---|---|
| 003 | OSt | ||
| 005 | 20140310181930.0 | ||
| 008 | 130722t xxu||||| |||| 00| 0 eng d | ||
| 050 |
_aMT 35 _b.Sch313 1946 |
||
| 082 |
_aTR 786.2 _bSch1 1946 |
||
| 100 |
_aSchaum, John W. _92695 |
||
| 245 |
_aNote speller. Book 2 / _cJohn W. Schaum |
||
| 260 |
_aMelville, N.Y : _bBelwin Mills, _cc1946. |
||
| 300 |
_a31 p. : _bill. ; _c30 cm. |
||
| 521 | _aFaculty | ||
| 541 | _j1 | ||
| 562 | _e1 | ||
| 650 |
_aPiano _xMethods _xJuvenile. _92696 |
||
| 942 |
_2lcc _cBK-TR _kTR |
||
| 999 |
_c7348 _d7348 |
||